000 00279nam a2200109Ia 4500
001 589096
005 20250717120842.0
008 250717s9999 xx 000 0 und d
245 0 _aX-3 DİNOZORLAR
_cANNE SOPHIEBAUMANN
260 _bBİNBİR ÇİÇEK YAYINLARI
_c2018
300 _b20
999 _c589096
_d589096